000
00222nam a22001097a 4500
100
_a
PaoliniChristopher
245
_a
Brisingr : Book Three
250
_a
2011
260
_b
Corgi Books
300
_a
763
942
_2
ddc
_c
BK
999
_c
11800
_d
11800